The Indian succession act / (Record no. 135384)
[ view plain ]
| 000 -LEADER | |
|---|---|
| fixed length control field | 00787nam a22002537a 4500 |
| 005 - DATE AND TIME OF LATEST TRANSACTION | |
| control field | 20170124110244.0 |
| 010 ## - LIBRARY OF CONGRESS CONTROL NUMBER | |
| LC control number | B-227751 |
| 020 ## - INTERNATIONAL STANDARD BOOK NUMBER | |
| Terms of availability | 480.00 |
| International Standard Book Number | 8171771610 |
| 035 ## - SYSTEM CONTROL NUMBER | |
| System control number | B-227751 |
| 037 ## - SOURCE OF ACQUISITION | |
| Source of stock number/acquisition | Cen Lib/Ret |
| 040 ## - CATALOGING SOURCE | |
| Original cataloging agency | DPL |
| Language of cataloging | EN |
| 082 ## - DEWEY DECIMAL CLASSIFICATION NUMBER | |
| Classification number | 346.54057 |
| Item number | MIR |
| 100 ## - MAIN ENTRY--PERSONAL NAME | |
| Personal name | Mitra, B. B |
| 9 (RLIN) | 96643 |
| 245 ## - TITLE STATEMENT | |
| Title | The Indian succession act / |
| Remainder of title | by B. B Mitra [and] S. A. Kader |
| 250 ## - EDITION STATEMENT | |
| Edition statement | 14th ed |
| 260 ## - PUBLICATION, DISTRIBUTION, ETC. (IMPRINT) | |
| Place of publication, distribution, etc | Calcutta |
| Name of publisher, distributor, etc | Eastern Law House |
| Date of publication, distribution, etc | 2006 |
| 270 ## - ADDRESS | |
| Address | 54 Ganesh Chunder Avenue |
| City | Calcutta |
| Postal code | 700013 |
| 300 ## - PHYSICAL DESCRIPTION | |
| Extent | 727p. |
| Dimensions | 25cm(hb) |
| 500 ## - GENERAL NOTE | |
| General note | Includes index |
| 650 ## - SUBJECT ADDED ENTRY--TOPICAL TERM | |
| Topical term or geographic name as entry element | India. -- Indian Succession Act, 1925. |
| 9 (RLIN) | 96644 |
| 650 ## - SUBJECT ADDED ENTRY--TOPICAL TERM | |
| Topical term or geographic name as entry element | Inheritance and succession -- India. |
| 9 (RLIN) | 39502 |
| 700 ## - ADDED ENTRY--PERSONAL NAME | |
| Personal name | Kader, S. A. |
| 9 (RLIN) | 15613 |
| 942 ## - ADDED ENTRY ELEMENTS (KOHA) | |
| Source of classification or shelving scheme | Dewey Decimal Classification |
| Koha item type | English Books |
| Classification part | 346.54057 |
| Call number suffix | MIT |
| Withdrawn status | Lost status | Damaged status | Not for loan | Collection code | Home library | Current library | Date acquired | Source of acquisition | Cost, normal purchase price | Total Checkouts | Full call number | Barcode | Date last seen | Copy number | Cost, replacement price | Price effective from | Koha item type |
|---|---|---|---|---|---|---|---|---|---|---|---|---|---|---|---|---|---|
| Not For Loan | Reference | Central Library | Central Library | 05/10/2015 | Cen Lib/Ret | 480.00 | 346.54057 MIR | B-227751 | 05/10/2015 | 1 | 480.00 | 05/10/2015 | English Books |
